|
|
|
|
| LEADER |
02028nam a2200421 i 4500 |
| 001 |
EBC4880130 |
| 003 |
MiAaPQ |
| 005 |
20200520144314.0 |
| 006 |
m o d | |
| 007 |
cr cnu|||||||| |
| 008 |
170717t20172017gw ao o 000 0 eng d |
| 020 |
|
|
|z 9783110532029
|
| 020 |
|
|
|a 9783110532128
|q (electronic bk.)
|
| 020 |
|
|
|a 9783110533873
|q (electronic bk.)
|
| 035 |
|
|
|a (MiAaPQ)EBC4880130
|
| 035 |
|
|
|a (Au-PeEL)EBL4880130
|
| 035 |
|
|
|a (CaPaEBR)ebr11399422
|
| 035 |
|
|
|a (CaONFJC)MIL1015525
|
| 035 |
|
|
|a (OCoLC)991056624
|
| 040 |
|
|
|a MiAaPQ
|b eng
|e rda
|e pn
|c MiAaPQ
|d MiAaPQ
|
| 050 |
|
4 |
|a NK8808.9
|b .D654 2017
|
| 082 |
0 |
|
|a 338.476770091767
|2 23
|
| 100 |
1 |
|
|a Dolezalek, Isabelle,
|e author.
|
| 245 |
1 |
0 |
|a Arabic script on Christian kings :
|b textile inscriptions on royal garments from Norman Sicily /
|c Isabelle Dolezalek.
|
| 264 |
|
1 |
|a Berlin, [Germany] ;
|a Boston, [Massachusetts] :
|b De Gruyter,
|c 2017.
|
| 264 |
|
4 |
|c 2017
|
| 300 |
|
|
|a 1 online resource (276 pages) :
|b illustrations (some color), photographs.
|
| 336 |
|
|
|a text
|2 rdacontent
|
| 337 |
|
|
|a computer
|2 rdamedia
|
| 338 |
|
|
|a online resource
|2 rdacarrier
|
| 490 |
0 |
|
|a Das Mittelalter. Perspektiven mediavistischer Forschung. Beihefte ;
|v Band 5
|
| 588 |
|
|
|a Description based on online resource; title from PDF title page (ebrary, viewed July 13, 2017).
|
| 590 |
|
|
|a Electronic reproduction. Ann Arbor, MI : ProQuest, 2016. Available via World Wide Web. Access may be limited to ProQuest affiliated libraries.
|
| 650 |
|
0 |
|a Islamic textile fabrics
|x History.
|
| 655 |
|
4 |
|a Electronic books.
|
| 776 |
0 |
8 |
|i Print version:
|a Dolezalek, Isabelle.
|t Arabian script on Christian kings : textile inscriptions on royal garments from Norman Sicily.
|d Berlin, [Germany] ; Boston, [Massachusetts] : De Gruyter, c2017
|h xx, 255 pages
|k Mittelalter. Perspektiven mediavistischer Forschung. Beihefte ; Band 5
|z 9783110532029
|
| 797 |
2 |
|
|a ProQuest (Firm)
|
| 856 |
4 |
0 |
|u https://ebookcentral.proquest.com/lib/matrademy/detail.action?docID=4880130
|z Click to View
|